00741cam a2200241 a 450000100070000000500170000700800410002401000170006502000150008204000180009704100080011508000150012308200190013810000060015710100080016324500470017124600290021850400640024790600450031194200120035699900170036895201140038567413720180213040941.0951222s1996 pau b 001 0 eng  a 95053678  a1882606574 aDLCcDLCdDLC aeng a616.83 HAY00a616.83 HAY2201 a7 aNEU10aAlzheimer's & dementia :cby Jennifer Hay.3 aAlzheimer's and dementia aIncludes bibliographical references (p. 183-184) and index. a7bcbccorignewd1eocipf19gy-gencatlg 2ddccBK c42358d42358 00102udc40708PËKGa002b002cPËKGd2018-02-13l0o616.83 HAYp002-2998119r2018-02-13w2018-02-13yBK